000 01023nam a22002897a 4500
001 7813
003 FISKH
005 20250811103655.0
008 250811b cb ||||| |||| 00| 0 eng d
040 _aFISKH
_beng
_cFISKH
_dFISKH
050 _aPZ7
082 _a398.2
100 _aDickins, Rosie
245 _aThe magic porridge pot /
_cRetold by Rosie Dickins ; Illustrated by Mike and Carl Gordon
250 _aThis edition first published in 2007
260 _aLondon :
_bUsborne,
_c2007
300 _a48 pages :
_bcolor illustrations ;
_c20 cm
505 _aG
520 _aAimed at children aged four and over, this classic story, accompanied by charming and highly appealing illustrations, is retold with simple text to delight and inspire any child who is just beginning to read.
521 8 _a420
_bLexile
521 8 _aG
_bRaz-Plus
650 _2Usborne
_aMagic
650 _2Leveled Readers
_aChildren Classics
700 _aGordon, Carl
_dillustrator
942 _2ddc
_cBK
_n0
999 _c7813
_d7813